| 000 | 00440nam a22001817a 4500 | ||
|---|---|---|---|
| 003 | MPLRDC | ||
| 005 | 20220104124140.0 | ||
| 008 | 210129b ||||| |||| 00| 0 eng d | ||
| 020 | _a7-5085-0158-6 | ||
| 082 | _a535.72 JB | ||
| 100 | _a焦波 编 | ||
| 245 |
_a中国百姓故事 _c |
||
| 250 | _a初版 | ||
| 260 |
_a中国 _b五洲传播出版社 _c2002 |
||
| 300 | _b237 | ||
| 650 | _a民族性--中国人 | ||
| 942 |
_cBK _o535.72 JB |
||
| 999 |
_c17024 _d17014 |
||